000 00659nam a22002057a 4500
999 _c61726
_d61726
005 20240422174805.0
008 240422s2007 enk||||| |||| 00| 0 eng d
020 _a9780781759441x
041 _aeng
080 _a616.1 W-46
100 _aWeinstein, Sh. M.
_921911
245 _aPlumer's Principles and Practice of Intravenous Therapy /
_cSh. M. Weinstein.
250 _a8th Edition
264 _aPhiladelphia :
_bLippincott Williams & Wilkins,
_c2007.
300 _a753 p.:
_bill.
_c24 cm.
521 _a+ 1 CD
653 _aინტრავენური თერაპია
653 _aმედიცინა
942 _2udc
_cᲬᲘᲒᲜᲘ